Color atlas of dental implant surgery / (Record no. 23543)
[ view plain ]
| 000 -LEADER | |
|---|---|
| fixed length control field | 00732cam a22002295a 4500 |
| 001 - CONTROL NUMBER | |
| control field | 11138861 |
| 005 - DATE AND TIME OF LATEST TRANSACTION | |
| control field | 20161208154540.0 |
| 008 - FIXED-LENGTH DATA ELEMENTS--GENERAL INFORMATION | |
| fixed length control field | 131223t2015 moua frb 001 0 eng d |
| 020 ## - INTERNATIONAL STANDARD BOOK NUMBER | |
| International Standard Book Number | 9781455759682 |
| 040 ## - CATALOGING SOURCE | |
| Original cataloging agency | NLM |
| Language of cataloging | eng |
| Transcribing agency | NLM |
| Modifying agency | YDXCP |
| -- | VET |
| -- | LTSCA |
| -- | EG-ScBUE |
| 082 04 - DEWEY DECIMAL CLASSIFICATION NUMBER | |
| Classification number | 617.693 |
| Edition number | 22 |
| Item number | BLO |
| 100 1# - MAIN ENTRY--PERSONAL NAME | |
| Personal name | Block, Michael S. |
| 9 (RLIN) | 32418 |
| 245 10 - TITLE STATEMENT | |
| Title | Color atlas of dental implant surgery / |
| Statement of responsibility, etc | Michael S. Block. |
| 250 ## - EDITION STATEMENT | |
| Edition statement | 4th ed. |
| 260 ## - PUBLICATION, DISTRIBUTION, ETC. (IMPRINT) | |
| Place of publication, distribution, etc | St. Louis : |
| Name of publisher, distributor, etc | Elsevier Saunders, |
| Date of publication, distribution, etc | c.2015. |
| 300 ## - PHYSICAL DESCRIPTION | |
| Extent | vi, 482 p. : |
| Other physical details | ill. (some col.) ; |
| Dimensions | 29 cm. |
| 504 ## - BIBLIOGRAPHY, ETC. NOTE | |
| Bibliography, etc | Includes bibliographical references and index. |
| 650 #7 - SUBJECT ADDED ENTRY--TOPICAL TERM | |
| Topical term or geographic name as entry element | Dental implants |
| Form subdivision | Atlases. |
| Source of heading or term | BUEsh |
| 9 (RLIN) | 32419 |
| 651 ## - SUBJECT ADDED ENTRY--GEOGRAPHIC NAME | |
| Source of heading or term | BUEsh |
| 653 ## - INDEX TERM--UNCONTROLLED | |
| Resource For college | |
| Arrived date list | December2016 |
| 942 ## - ADDED ENTRY ELEMENTS (KOHA) | |
| Source of classification or shelving scheme | Dewey Decimal Classification |
| Withdrawn status | Item status | Source of classification or shelving scheme | Damaged status | Not for loan | Vendor | Home library | Current library | Shelving location | Date acquired | Source of acquisition | Cost, normal purchase price | Total Checkouts | Full call number | Barcode | Date last seen | Cost, replacement price | Koha item type |
|---|---|---|---|---|---|---|---|---|---|---|---|---|---|---|---|---|---|
| Dewey Decimal Classification | Alahram | Central Library | Central Library | Ground Floor | 08/12/2016 | Purchase | 1990.00 | 617.693 BLO | 000040370 | 15/07/2025 | 2487.50 | Reference (NB) |